[Event "Mechanics' Neil Falconer TNM; 30/90, SD"]
[Site "San Francisco"]
[Date "2013.09.17"]
[Round "7.7"]
[White "Steger, Alex"]
[Black "Krasnov, Steven"]
[Result "1/2-1/2"]
[WhiteElo "1990"]
[BlackElo "1862"]
[PlyCount "73"]
[EventDate "2013.??.??"]

1. d4 Nf6 2. c4 e6 3. Nc3 d5 4. cxd5 exd5 5. Bg5 Be7 6. e3 h6 7. Bh4 Be6 (7...
Nbd7 8. Bd3 O-O 9. Qc2 c6 10. Nf3 Re8 11. O-O Nf8 12. Rab1 Ne4) 8. Qb3 b6 9.
Qa4+ c6 10. Nf3 b5 11. Qc2 Nbd7 12. Bd3 a6 13. O-O O-O 14. a3 c5 15. dxc5 Nxc5
16. Nd4 Qd7 17. Be2 Rac8 18. Rac1 Nce4 19. Qd3 Nxc3 20. Rxc3 Rxc3 21. bxc3 g5
22. Bg3 Ne4 23. Be5 Rc8 24. Nxe6 Qxe6 25. f4 gxf4 26. exf4 Bxa3 27. Kh1 Bb2 (
27... Bc5) 28. Bf3 f5 29. Bxe4 dxe4 30. Qg3+ Kf7 31. Qg7+ Ke8 32. Rd1 Ba3 33.
Qh8+ Kf7 34. Qg7+ Ke8 35. Qh8+ Kf7 36. Qg7+ Ke8 37. Qh8+ 1/2-1/2

[Event "Mechanics' Neil Falconer TNM; 30/90, SD"]
[Site "San Francisco"]
[Date "2013.08.13"]
[Round "2.10"]
[White "Steger, Alex"]
[Black "Sherwood, Peter"]
[Result "1-0"]
[WhiteElo "1990"]
[BlackElo "1816"]
[PlyCount "77"]
[EventDate "2013.??.??"]

1. d4 Nf6 2. c4 g6 3. Nc3 d5 4. cxd5 Nxd5 5. e4 Nxc3 6. bxc3 Bg7 7. Bg5 O-O 8.
Rc1 c5 9. Nf3 Nc6 10. d5 Ne5 11. Nxe5 Bxe5 12. f4 Bg7 13. Be2 Qc7 14. O-O f6
15. Bh4 Rd8 16. c4 b6 17. Be1 Bb7 18. Bg4 Bc8 19. Be2 Ba6 20. Bc3 Rf8 21. Qe1
Qd7 22. Rd1 Rad8 23. a4 Bb7 24. a5 Qd6 25. Qh4 Bc8 26. Bf3 g5 $2 27. fxg5 fxg5
28. Qxg5 Qg6 29. Qxg6 hxg6 30. Bxg7 Kxg7 31. axb6 axb6 32. Rb1 Rf6 33. e5 Rf4
34. Rxb6 Rxc4 35. Rc6 Rf8 36. Rc7 Bf5 37. Rxe7+ Rf7 38. Rxf7+ Kxf7 39. g4 1-0

[Event "Mechanics' Neil Falconer TNM; 30/90, SD"]
[Site "San Francisco"]
[Date "2013.09.03"]
[Round "5.5"]
[White "Steger, Alex"]
[Black "Todortsev, Victor"]
[Result "1-0"]
[WhiteElo "1990"]
[BlackElo "1932"]
[PlyCount "59"]
[EventDate "2013.??.??"]

1. d4 d5 2. c4 e6 3. Nc3 Nf6 4. cxd5 exd5 5. Bg5 c6 6. Qc2 Be7 7. e3 O-O 8. Bd3
h6 9. Bh4 Nh5 10. Bxe7 Qxe7 11. Nge2 b5 12. O-O Na6 13. a3 Nc7 14. Na2 Bb7 15.
Nb4 c5 16. Qxc5 Qd7 17. Qc2 a5 18. Bh7+ Kh8 19. Bf5 Ne6 20. Nd3 Rac8 21. Nc5
Qe7 22. Bxe6 fxe6 23. Qg6 Nf6 24. Nf4 Rc6 25. Qd3 Qc7 26. Ncxe6 Rxe6 27. Nxe6
Qd6 28. Nxf8 Qxf8 29. Qxb5 Qa8 30. Rac1 1-0

[Event "Mechanics' Neil Falconer TNM; 30/90, SD"]
[Site "San Francisco"]
[Date "2013.10.01"]
[Round "9.4"]
[White "Steger, Alex"]
[Black "Traub, Igor"]
[Result "1-0"]
[WhiteElo "1990"]
[BlackElo "2059"]
[PlyCount "91"]
[EventDate "2013.??.??"]

1. d4 Nf6 2. c4 d6 3. Nc3 g6 4. e4 Bg7 5. h3 Nbd7 6. Be3 O-O 7. Nf3 e5 8. d5
Nh5 9. g3 f5 10. exf5 gxf5 11. Ng5 Ndf6 12. Be2 Qe8 13. Nb5 Qg6 14. Qc2 Bd7 15.
Nxc7 Rac8 16. Nce6 Nxd5 17. Nxf8 Nxe3 18. Nxg6 Nxc2+ 19. Kd2 hxg6 20. Kxc2 d5
21. Rad1 Bf6 22. h4 b5 23. Rxd5 Bc6 24. Rhd1 Bxd5 25. Rxd5 bxc4 26. Rd6 c3 27.
bxc3 Kf8 28. Bxh5 Bxg5 29. hxg5 gxh5 30. Rd7 Kg8 31. Rxa7 f4 32. Kd3 fxg3 33.
fxg3 Rc5 34. c4 e4+ 35. Kxe4 Rxc4+ 36. Kf5 h4 37. gxh4 Rxh4 38. Kg6 Kf8 39.
Ra8+ Ke7 40. Kg7 Rh2 41. g6 Rg2 42. a4 Ra2 43. a5 Rh2 44. a6 Ra2 45. a7 Ra5 46.
Rf8 1-0

[Event "Mechanics' Fall TNM; 30/90, SD/30"]
[Site "San Francisco"]
[Date "2013.11.26"]
[Round "6.10"]
[White "Steger, Alexander"]
[Black "Askin, Michael"]
[Result "1-0"]
[WhiteElo "2041"]
[BlackElo "1887"]
[PlyCount "71"]
[EventDate "2013.??.??"]

1. d4 Nf6 2. Nf3 d5 3. c4 dxc4 4. e3 e6 5. Bxc4 c5 6. O-O a6 7. a4 Nc6 8. Qe2
Be7 9. Rd1 cxd4 10. exd4 Nb4 11. Nc3 O-O 12. Ne5 Nbd5 13. Bg5 Nxc3 14. bxc3 Nd5
15. Bd2 Nf6 16. Bd3 Qd5 17. Be3 Qa5 18. c4 Rd8 19. Qf3 Bb4 20. g4 Qc7 21. g5
Ne8 22. Rab1 a5 23. c5 Qe7 24. h4 Nc7 25. g6 f5 26. Bg5 Qe8 27. Bxd8 Qxd8 28.
gxh7+ Kxh7 29. Qh5+ Kg8 30. Qf7+ Kh7 31. Nf3 Nd5 32. Ng5+ Kh8 33. Qh5+ Kg8 34.
Qh7+ Kf8 35. Qh8+ Ke7 36. Qxg7+ 1-0

[Event "Mechanics' Fall TNM; 30/90, SD/30"]
[Site "San Francisco"]
[Date "2013.12.10"]
[Round "8.13"]
[White "Steger, Eric"]
[Black "Campers Jr, Willie"]
[Result "1-0"]
[WhiteElo "1936"]
[BlackElo "1782"]
[PlyCount "61"]
[EventDate "2013.??.??"]

1. e4 e6 2. Nf3 d5 3. Nc3 d4 4. Ne2 c5 5. c3 d3 6. Nf4 Nf6 7. Bxd3 Qc7 8. e5
Nfd7 9. Qe2 Nc6 10. Bb5 a6 11. Bxc6 Qxc6 12. O-O b5 13. d4 Nb6 14. dxc5 Bxc5
15. Nd3 Be7 16. Nd4 Qc4 17. Bd2 Bb7 18. b3 Qd5 19. f3 Rd8 20. Kh1 b4 21. Nf4
Qd7 22. Rfd1 bxc3 23. Bxc3 Qc7 24. Rac1 Qb8 25. Ba5 Qa7 26. Rc7 Rxd4 27. Rxd4
Nd5 28. Nxd5 Qxd4 29. Rxe7+ Kf8 30. Rxb7 Qa1+ 31. Qe1 1-0

[Event "Mechanics' Fall TNM; 30/90, SD/30"]
[Site "San Francisco"]
[Date "2013.10.22"]
[Round "1.14"]
[White "Steger, Eric"]
[Black "Chea, Na"]
[Result "1-0"]
[WhiteElo "1936"]
[BlackElo "1434"]
[Annotator "Donaldson"]
[PlyCount "107"]
[EventDate "2013.??.??"]

1. e4 c5 2. Nf3 d6 3. d4 cxd4 4. Nxd4 Nf6 5. Nc3 a6 6. Be2 b5 7. a3 e6 8. Be3
Bb7 9. f3 Be7 10. Qd2 Nc6 11. Nxc6 Bxc6 12. Rd1 O-O 13. O-O Qc7 14. Qe1 d5 15.
exd5 Nxd5 16. Nxd5 Bxd5 17. Bd3 Bc4 18. Qf2 Bxd3 19. Rxd3 Rac8 20. c3 Bc5 21.
Rfd1 Bxe3 22. Qxe3 Qc5 23. Kf2 Qxe3+ 24. Kxe3 h6 25. Rd6 Ra8 26. Rb6 Rfb8 27.
Rdd6 Rxb6 28. Rxb6 g6 29. h4 Kg7 30. g4 g5 31. h5 Kf6 32. b3 {
This is premature.} (32. Ke4 $1 $16) 32... Ra7 33. c4 bxc4 34. bxc4 Rc7 35. Kd4
Rd7+ 36. Kc3 (36. Ke4 $11) 36... Ke5 37. Rxa6 Kf4 38. c5 Rc7 39. Ra4+ Kxf3 40.
Rc4 e5 (40... f5 {
and Black is winning. White pushed way too hard in this ending.}) 41. c6 e4 42.
Kd4 e3 43. Kd5 e2 44. Rc3+ Kf2 45. Rc2 {Diagram #} Kf1 $2 (45... f5 $1) 46.
Rc1+ Kf2 47. Kd6 Rc8 48. Kd7 Ra8 49. c7 Ra7 50. Kd8 Ra8+ 51. c8=Q Rxc8+ 52.
Kxc8 e1=Q 53. Rxe1 Kxe1 54. a4 1-0

[Event "Mechanics' Fall TNM; 30/90, SD/30"]
[Site "San Francisco"]
[Date "2013.11.26"]
[Round "6.7"]
[White "Steger, Eric"]
[Black "Krasnov, Steven"]
[Result "0-1"]
[WhiteElo "1936"]
[BlackElo "1949"]
[Annotator "Winslow,Elliott C"]
[PlyCount "44"]
[EventDate "2013.??.??"]

1. e4 e6 2. Nf3 d5 3. Nc3 Nf6 4. exd5 exd5 5. d4 Be7 6. Bd3 Bg4 7. Bf4 O-O 8.
h3 Bxf3 9. Qxf3 Re8 10. O-O-O c6 11. g4 b5 12. g5 Nfd7 13. h4 Nf8 14. Ne2 Nbd7
15. Ng3 Ne6 16. Nf5 Nxf4 17. Qxf4 Nf8 18. Rde1 Ne6 19. Qg4 Bf8 20. Nh6+ $2 (20.
Reg1 $1) 20... gxh6 21. gxh6+ Kh8 22. Qf5 Bxh6+ {
White played 23.Qxh7 "mate" and then resigned.} 0-1

[Event "Mechanics' Fall TNM; 30/90, SD/30"]
[Site "San Francisco"]
[Date "2013.11.12"]
[Round "4.17"]
[White "Steger, Eric"]
[Black "Simpkins, Jerry"]
[Result "1-0"]
[WhiteElo "1936"]
[BlackElo "1571"]
[PlyCount "55"]
[EventDate "2013.??.??"]

1. e4 e5 2. Nf3 Nc6 3. Bb5 Nd4 4. Nxd4 exd4 5. O-O c6 6. Bc4 Bc5 7. Bxf7+ Kxf7
8. Qh5+ g6 9. Qxc5 Qb6 10. Qd6 Nf6 11. d3 Re8 12. Nd2 Re6 13. Qf4 d6 14. Nf3
Bd7 15. Ng5+ Kg7 16. Nxe6+ Bxe6 17. Qxd6 Re8 18. c3 dxc3 19. bxc3 Bf7 20. Bh6+
Kxh6 21. Qxf6 Qc7 22. f4 Re6 23. Qg5+ Kg7 24. f5 Re5 25. Qg3 Qb6+ 26. Kh1 Ra5
27. f6+ Kg8 28. Qb8+ 1-0

[Event "Mechanics' Neil Falconer TNM; 30/90, SD"]
[Site "San Francisco"]
[Date "2013.08.06"]
[Round "1.5"]
[White "Thornally, Frank"]
[Black "Bayaraa, Chinguun"]
[Result "1-0"]
[WhiteElo "2205"]
[BlackElo "1729"]
[Annotator "Donaldson"]
[PlyCount "95"]
[EventDate "2013.??.??"]

1. e4 c5 2. Nf3 d6 3. d4 cxd4 4. Nxd4 Nf6 5. Nc3 g6 6. Be2 Bg7 7. O-O O-O 8.
Bg5 Nc6 9. Nb3 a6 10. a4 Be6 11. Ra3 $6 (11. Kh1) (11. f4 b5 $1) 11... Rb8 (
11... Rc8) 12. Qd2 Bxb3 13. Rxb3 Nd7 14. Bh6 $2 Nc5 (14... Bxh6 15. Qxh6 Nd4
$17) 15. Ra3 a5 16. Bxg7 Kxg7 17. Kh1 Qb6 18. Bb5 Na7 $2 (18... Ne6 19. Nd5 Qd4
$11) 19. Nd5 Qd8 20. Rh3 $18 Rh8 21. Bc4 (21. f4 $1 Nxb5 22. f5 $3 Nc7 23. f6+
exf6 24. Qh6+ Kg8 25. Nxf6+ $18) 21... e6 22. Qd4+ e5 23. Qe3 Nc6 24. Qh6+ Kg8
25. Rf3 Nd7 26. Ne3 (26. Nc7) 26... d5 27. Bxd5 Nf6 28. Bxf7+ Kxf7 29. Nd5 Nd4
30. Rxf6+ Qxf6 31. Nxf6 Kxf6 32. f4 Ne6 33. Qh4+ Kf7 34. fxe5+ Ke8 35. Qf6 Kd7
36. Rd1+ Kc7 37. Qe7+ Kb6 38. Rd6+ Ka7 39. Rxe6 Rbd8 40. h3 Rhe8 41. Qxe8 Rxe8
42. Rxe8 Kb6 43. Rc8 h5 44. e6 Ka7 45. e7 g5 46. e8=Q Kb6 47. Qb5+ Ka7 48.
Qxa5# 1-0

[Event "Mechanics' Summer TNM; 30/90, SD/30"]
[Site "San Francisco"]
[Date "2013.06.25"]
[Round "5.3"]
[White "Thornally, Frank"]
[Black "Hua, Arnold"]
[Result "1/2-1/2"]
[WhiteElo "2218"]
[BlackElo "1989"]
[PlyCount "33"]
[EventDate "2013.??.??"]

1. e4 c5 2. Nf3 d6 3. d4 cxd4 4. Nxd4 Nf6 5. Nc3 a6 6. Be2 e5 7. Nb3 Be7 8. Be3
O-O 9. g4 Be6 10. g5 Nfd7 11. Qd2 b5 12. O-O-O Nc5 13. Nxc5 dxc5 14. Qxd8 Rxd8
15. Rxd8+ Bxd8 16. Rd1 Nc6 17. a4 1/2-1/2

[Event "Mechanics' Summer TNM; 30/90, SD/30"]
[Site "San Francisco"]
[Date "2013.06.11"]
[Round "3.3"]
[White "Thornally, Frank"]
[Black "Manvelyan, Hovik"]
[Result "1/2-1/2"]
[WhiteElo "2218"]
[BlackElo "1902"]
[PlyCount "31"]
[EventDate "2013.??.??"]

1. e4 e6 2. d4 d5 3. Nd2 Nc6 4. Ngf3 Nf6 5. e5 Nd7 6. Be2 f6 7. exf6 Qxf6 8.
Nf1 Bd6 9. Bg5 Qg6 10. Ne3 O-O 11. Bh4 Nf6 12. Bg3 Bd7 13. Ne5 Bxe5 14. dxe5
Ne4 15. Bd3 Nb4 16. f3 1/2-1/2

[Event "Mechanics' Spring TNM; 30/90, SD/30"]
[Site "San Francisco"]
[Date "2013.04.02"]
[Round "3.14"]
[White "Thornally, Frank"]
[Black "Newey, Richard"]
[Result "1/2-1/2"]
[WhiteElo "2218"]
[BlackElo "1702"]
[PlyCount "50"]
[EventDate "2013.??.??"]

1. e4 c5 2. Nf3 d6 3. d4 cxd4 4. Nxd4 Nf6 5. Nc3 Nc6 6. Be2 e6 7. Be3 Be7 8.
O-O a6 9. a4 O-O 10. f4 Bd7 11. Nb3 Na5 12. Nd2 Rc8 13. Qe1 Nc6 14. Qf2 Nb4 15.
Rac1 d5 16. e5 Ne4 17. Ndxe4 dxe4 18. Rfd1 (18. Nxe4 Rxc2 19. Rxc2 Nxc2 20. Bb6
Qe8 21. a5) 18... Qe8 19. a5 Bc6 20. Bc5 Bxc5 21. Qxc5 Nd5 22. g3 Nxc3 23. Qxc3
Bb5 24. Qe3 Bxe2 25. Qxe2 Qa4 1/2-1/2

[Event "Mechanics' Summer TNM; 30/90, SD/30"]
[Site "San Francisco"]
[Date "2013.05.28"]
[Round "1.5"]
[White "Thornally, Frank"]
[Black "Poling, Scott"]
[Result "1-0"]
[WhiteElo "2218"]
[BlackElo "1734"]
[PlyCount "91"]
[EventDate "2013.??.??"]

1. e4 e6 2. d4 d5 3. Nd2 Nc6 4. Ngf3 Nf6 5. e5 Nd7 6. Bb5 a5 7. O-O Na7 8. Bd3
b6 9. Re1 c5 10. c3 Nc6 11. Nf1 Ba6 12. Bc2 Rc8 13. Bg5 Qc7 14. Rc1 h6 15. Be3
Be7 16. Ng3 Qb7 17. Nh5 g6 18. Nf4 Nf8 19. a3 c4 20. Qd2 h5 21. h4 Kd7 22. Nh3
Nh7 23. Bh6 Rcg8 24. Qf4 Nd8 25. Kh1 Kc8 26. Rg1 Bf8 27. Bxf8 Rxf8 28. Rce1 Qd7
29. Re3 Nc6 30. Nfg5 Nxg5 31. Qxg5 Ne7 32. Qf6 Nf5 33. Bxf5 gxf5 34. Nf4 Rfg8
35. Rg3 Qe8 36. Rg5 Rxg5 37. hxg5 Bb5 38. Re1 Ba4 39. Re3 Bd1 40. Rh3 Bg4 41.
Rh4 Bd1 42. f3 Kd7 43. Rxh5 Rxh5+ 44. Nxh5 Qe7 45. Qg7 b5 46. Nf6+ 1-0

[Event "Mechanics' Spring TNM; 30/90, SD/30"]
[Site "San Francisco"]
[Date "2013.04.23"]
[Round "6.10"]
[White "Thornally, Frank"]
[Black "Royzen, Igor"]
[Result "1/2-1/2"]
[WhiteElo "2218"]
[BlackElo "1844"]
[PlyCount "51"]
[EventDate "2013.??.??"]

1. e4 c5 2. Nf3 Nc6 3. Nc3 g6 4. d4 cxd4 5. Nxd4 Bg7 6. Nde2 Nf6 7. g3 O-O 8.
Bg2 d6 9. O-O Bd7 10. h3 (10. Nd5 $142) 10... Rc8 11. Be3 Qa5 12. b3 (12. Nd5 {
looks more natural.}) 12... b5 13. a3 a6 14. Qd2 Be6 15. f4 Nh5 16. Kh2 f5 $6
17. exf5 gxf5 18. Rad1 Rf6 $2 19. Bxc6 $6 (19. Nd5 Qxd2 (19... Rf7 20. Qxa5
Nxa5 21. Nb4 $1 $16) 20. Nxf6+ Nxf6 21. Rxd2 $16) 19... Rxc6 20. Nd5 {
Whitev has based his play on winning the exchange but once he does his
position starts going south.} (20. Bd4 $142) 20... Qxd2 21. Nxf6+ Nxf6 22. Bxd2
$2 (22. Rxd2 Ne4 23. Rfd1 Nxd2 24. Rxd2 $15) 22... Rxc2 23. Nd4 Ng4+ 24. hxg4
Bxd4 25. gxf5 Bxf5 {
Black should have captured on g4 and would have had excellent winning chances.}
26. g4 1/2-1/2

[Event "Mechanics' Spring TNM; 30/90, SD/30"]
[Site "San Francisco"]
[Date "2013.03.19"]
[Round "1.4"]
[White "Thornally, Frank"]
[Black "Standen, Julian"]
[Result "1-0"]
[WhiteElo "2218"]
[BlackElo "1723"]
[PlyCount "49"]
[EventDate "2013.??.??"]

1. e4 c6 2. d4 d5 3. exd5 cxd5 4. c4 Nf6 5. Nc3 e6 6. Bg5 Be7 7. Nf3 O-O 8. Bd3
dxc4 9. Bxc4 Nc6 10. O-O Bd7 11. Qe2 Rc8 12. Rfd1 Re8 13. a3 a6 14. Rac1 b5 15.
Bd3 Nd5 16. Ne4 Qb6 17. Ne5 Nxe5 18. dxe5 Rxc1 19. Rxc1 Rc8 20. Rd1 Bf8 21.
Nf6+ Nxf6 22. exf6 g6 23. Bxg6 hxg6 24. Rxd7 Qc5 25. h4 1-0

[Event "Mechanics' Neil Falconer TNM; 30/90, SD"]
[Site "San Francisco"]
[Date "2013.08.20"]
[Round "3.6"]
[White "Thornally, Frank"]
[Black "Todortsev, Victor"]
[Result "1/2-1/2"]
[WhiteElo "2205"]
[BlackElo "1932"]
[PlyCount "52"]
[EventDate "2013.??.??"]

1. e4 e5 2. Bc4 Nf6 3. d3 Be7 4. Nc3 O-O 5. f4 d6 6. Nf3 Nc6 7. a3 Bg4 8. O-O
Nd4 9. Be3 Nxf3+ 10. gxf3 Bh3 11. Rf2 Nh5 12. fxe5 dxe5 13. d4 Bg5 14. Bxg5
Qxg5+ 15. Kh1 exd4 16. Qxd4 Rad8 17. Nd5 c6 18. Qe3 Qh4 19. Nc3 Rd6 20. Rg1
Rfd8 21. f4 Rg6 22. Rxg6 hxg6 23. Bd3 Qg4 24. Be2 Qh4 25. Bd3 Qg4 26. Be2 Qh4
1/2-1/2

[Event "Mechanics' Fall TNM; 30/90, SD/30"]
[Site "San Francisco"]
[Date "2013.12.10"]
[Round "8.8"]
[White "Todortsev, Victor"]
[Black "Doyle, Bryon"]
[Result "1-0"]
[WhiteElo "1932"]
[BlackElo "2076"]
[PlyCount "83"]
[EventDate "2013.??.??"]

1. d4 c5 2. Nf3 cxd4 3. Nxd4 e5 4. Nf5 d5 5. Ng3 Nf6 6. Nc3 Bc5 7. e3 O-O 8.
Be2 Nc6 9. O-O Ne7 10. e4 d4 11. Na4 Bd6 12. c3 Ng6 13. cxd4 exd4 14. Qxd4 Bxg3
15. Qxd8 Bxh2+ 16. Kxh2 Rxd8 17. f3 h6 18. Be3 b6 19. Rac1 Be6 20. b3 Rac8 21.
Nc3 Bd7 22. Nb5 Bxb5 23. Bxb5 Ne5 24. Kg1 Ned7 25. Ba6 Rxc1 26. Rxc1 Ne8 27. f4
Ndf6 28. e5 Ng4 29. Bf2 Nxf2 30. Kxf2 Rd2+ 31. Kf3 Rxa2 32. Bb5 Ra3 33. Bxe8
Rxb3+ 34. Kg4 Rb2 35. Rc7 Rxg2+ 36. Kf5 a5 37. Bxf7+ Kh7 38. e6 Re2 39. e7 b5
40. e8=Q Rxe8 41. Bxe8 h5 42. Bg6+ 1-0

[Event "Mechanics' Neil Falconer TNM; 30/90, SD"]
[Site "San Francisco"]
[Date "2013.09.17"]
[Round "7.14"]
[White "Todortsev, Victor"]
[Black "Flores, David"]
[Result "1-0"]
[WhiteElo "1932"]
[BlackElo "1641"]
[PlyCount "89"]
[EventDate "2013.??.??"]

1. e4 e5 2. Nf3 Nc6 3. Bc4 Nf6 4. Ng5 Bc5 5. Bxf7+ Ke7 6. Bb3 Rf8 7. O-O d6 8.
d3 Qe8 9. Be3 Qg6 10. Nf3 Bg4 11. Nh4 Qh5 12. Nf5+ Kd7 13. f3 Bxe3+ 14. Nxe3
Be6 15. Bxe6+ Kxe6 16. Nf5 Kf7 17. c3 Kg8 18. Qb3+ Qf7 19. Qxb7 Ne7 20. Qxc7
Nxf5 21. Qxf7+ Rxf7 22. exf5 Nd5 23. Na3 Ne3 24. Rfe1 Nxf5 25. Nc4 Rf6 26. b4
Rc8 27. Rac1 Ne7 28. Ne3 h5 29. c4 Rf4 30. b5 Rd4 31. Red1 Kf7 32. g3 Ke6 33.
Nc2 Nf5 34. Nxd4+ Nxd4 35. Kg2 Rc5 36. Re1 Kf5 37. h4 g6 38. a4 Kf6 39. Kf2 Rc7
40. Rc3 Ne6 41. a5 Nc5 42. Rb1 Rb7 43. Ke3 Ke6 44. d4 Nd7 45. f4 {
several more moves were played} 1-0

[Event "Mechanics' Winter TNM; 30/90, SD/30"]
[Site "San Francisco"]
[Date "2013.01.15"]
[Round "2.7"]
[White "Todortsev, Victor"]
[Black "Goins, Demetrius"]
[Result "0-1"]
[WhiteElo "1910"]
[BlackElo "2131"]
[PlyCount "42"]
[EventDate "2013.??.??"]

1. d4 d5 2. c4 e6 3. Nc3 Nf6 4. e3 c5 5. Nf3 Nc6 6. Bd3 a6 7. O-O dxc4 8. Bxc4
b5 9. Bb3 Bb7 10. d5 exd5 11. Nxd5 c4 12. Nxf6+ Qxf6 13. Bc2 Rd8 14. Qe2 Bd6
15. e4 Ne5 16. Nxe5 Bxe5 17. f4 Bxb2 18. e5 Qb6+ 19. Be3 Bd4 20. Bxd4 Qxd4+ 21.
Rf2 $4 Qxa1+ 0-1

[Event "Mechanics' Fall TNM; 30/90, SD/30"]
[Site "San Francisco"]
[Date "2013.11.12"]
[Round "4.18"]
[White "Todortsev, Victor"]
[Black "Gomboluudev, Enkhjin"]
[Result "1-0"]
[WhiteElo "1932"]
[BlackElo "1137"]
[PlyCount "89"]
[EventDate "2013.??.??"]

1. e4 e5 2. f4 d5 3. exd5 e4 4. Nc3 Nf6 5. d3 Bf5 6. dxe4 Nxe4 7. Qe2 Qe7 8.
Nxe4 Bxe4 9. c4 Bf5 10. Nf3 Qxe2+ 11. Bxe2 Bc5 12. Bd2 O-O 13. b4 Be7 14. Bc3
Nd7 15. O-O Nf6 16. Nd4 Be4 17. Rad1 Rac8 18. Bf3 Bxf3 19. Nxf3 Ne4 20. Be1
Rfd8 21. Nd4 Bf6 22. Nf5 Bc3 $4 23. Ne7+ Kf8 24. Nxc8 Rxc8 25. Rd3 Bf6 26. g4
Rd8 27. g5 Be7 28. c5 a6 29. Kg2 f5 30. Bf2 h6 31. h4 Kf7 32. Rfd1 Kg6 33. Kf3
Kh5 34. Bd4 Bf8 35. Be5 Rd7 36. a3 g6 37. c6 bxc6 38. dxc6 Rxd3+ 39. Rxd3 Kxh4
40. Rd8 hxg5 41. Rxf8 g4+ 42. Kg2 Ng3 43. Bxc7 Nh5 44. Bd8+ g5 45. Bxg5# 1-0

[Event "Mechanics' Spring TNM; 30/90, SD/30"]
[Site "San Francisco"]
[Date "2013.04.23"]
[Round "6.15"]
[White "Todortsev, Victor"]
[Black "Hakobyan, Sos"]
[Result "1-0"]
[WhiteElo "1910"]
[BlackElo "1791"]
[PlyCount "72"]
[EventDate "2013.??.??"]

1. d4 Nf6 2. c4 c5 3. d5 e6 4. Nc3 exd5 5. cxd5 d6 6. e4 g6 7. Bb5+ Nfd7 8. f4
Bg7 9. Nf3 O-O 10. O-O Na6 11. Qe2 Nc7 12. Ba4 a6 13. Bxd7 Bxd7 14. e5 Re8 15.
a4 b5 16. Ne4 Bf5 17. Nxd6 Qxd6 18. exd6 Rxe2 19. dxc7 Rc8 20. d6 b4 21. Ne5
Bxe5 22. fxe5 Bd7 23. Bf4 Kf8 24. Rac1 Rxb2 25. Rxc5 Bxa4 26. e6 Ke8 27. d7+
Bxd7 28. exd7+ Kxd7 29. Rd1+ Ke6 30. Rd8 Rxc7 31. Rxc7 a5 32. g4 Rb1+ 33. Kg2
Kf6 34. Rd6+ Kg7 35. g5 Re1 36. Rdd7 b3 1-0

[Event "Mechanics' Summer TNM; 30/90, SD/30"]
[Site "San Francisco"]
[Date "2013.06.04"]
[Round "2.20"]
[White "Todortsev, Victor"]
[Black "Hilliard, Michael"]
[Result "1-0"]
[WhiteElo "1916"]
[BlackElo "1447"]
[PlyCount "77"]
[EventDate "2013.??.??"]

1. d4 d5 2. c4 e6 3. Nc3 c5 4. e3 Nf6 5. Nf3 Nc6 6. Bd3 Be7 7. O-O O-O 8. Re1
b6 9. b3 Nb4 10. Bb1 Bb7 11. a3 Nc6 12. cxd5 exd5 13. Qd3 a5 14. Ne5 g6 15. Bb2
Nxe5 16. dxe5 Ne8 17. Nb5 Bc6 18. a4 Ng7 19. Bc2 Ne6 20. Rad1 Qd7 21. f4 Ng7
22. Qe2 Bxb5 23. axb5 Rad8 24. g4 Qe6 25. Qf3 Qd7 26. f5 Bg5 27. Bd3 Rfe8 28.
e4 d4 29. Qg3 Ra8 30. Bc4 Qc7 31. f6 Ne6 32. Bc1 Bxc1 33. Rxc1 Nd8 34. Bd5 Rb8
35. Rf1 Qxe5 36. Qh4 h5 37. Rf5 Qd6 38. Rxh5 gxh5 39. Qg5+ 1-0

[Event "Mechanics' Spring TNM; 30/90, SD/30"]
[Site "San Francisco"]
[Date "2013.04.09"]
[Round "4.13"]
[White "Todortsev, Victor"]
[Black "MacIntyre, Brendan"]
[Result "1-0"]
[WhiteElo "1910"]
[BlackElo "1655"]
[PlyCount "103"]
[EventDate "2013.??.??"]

1. d4 d5 2. c4 e6 3. Nc3 Nf6 4. Nf3 Be7 5. Bf4 O-O 6. e3 b6 7. Bd3 Bb7 8. O-O
Nh5 9. Bg3 Nxg3 10. fxg3 dxc4 11. Bxc4 Nd7 12. e4 c5 13. d5 exd5 14. Nxd5 Nf6
15. Qe2 Nxd5 16. exd5 Bf6 17. Qd2 Qd7 18. Rad1 Rad8 19. b3 b5 20. Bd3 Bxd5 21.
Qf4 Qc6 22. g4 c4 23. g5 cxd3 24. gxf6 Qxf6 25. Qxf6 gxf6 26. Rxd3 Be4 27. Re3
f5 28. Nh4 Rd2 29. a3 Rc8 30. Rg3+ Kf8 31. Nxf5 Bd3 32. Nd6 Rc7 33. Re1 Re7 34.
Rxe7 Kxe7 35. Nc8+ Kd7 36. Nxa7 Kc7 37. a4 bxa4 38. bxa4 Kb7 39. Nb5 Kb6 40.
Nc3 Kc5 41. Rg4 f5 42. Rh4 Rc2 43. Nb5 Be4 44. g3 Kb4 45. Nd4 Rc4 46. Ne2 Kxa4
47. Rxh7 Kb4 48. h4 Kb3 49. Kf2 Kc2 50. Rd7 Bd3 51. h5 Re4 52. Nf4 1-0

[Event "Mechanics' Neil Falconer TNM; 30/90, SD"]
[Site "San Francisco"]
[Date "2013.08.13"]
[Round "2.8"]
[White "Todortsev, Victor"]
[Black "Morton, Adam"]
[Result "1-0"]
[WhiteElo "1932"]
[BlackElo "2033"]
[PlyCount "41"]
[EventDate "2013.??.??"]

1. d4 d5 2. c4 c6 3. Nc3 Nf6 4. e3 e6 5. Nf3 Nbd7 6. Bd3 dxc4 7. Bxc4 b5 8. Bd3
Bb7 9. a3 b4 10. axb4 Bxb4 11. O-O O-O 12. e4 c5 13. e5 Nd5 14. Bxh7+ Kh8 15.
Ng5 g6 16. Qg4 Ne7 17. Qh3 Kg7 18. Nge4 Nf5 19. Bg5 Rh8 20. Nf6 cxd4 21. g4 1-0

[Event "Mechanics' Summer TNM; 30/90, SD/30"]
[Site "San Francisco"]
[Date "2013.07.16"]
[Round "8.12"]
[White "Todortsev, Victor"]
[Black "Morton, Adam"]
[Result "0-1"]
[WhiteElo "1916"]
[BlackElo "2012"]
[PlyCount "70"]
[EventDate "2013.??.??"]

1. e3 e5 2. f4 exf4 3. exf4 Nf6 4. Nf3 Nc6 5. d4 g6 6. Be2 Bg7 7. O-O O-O 8.
Ne5 Ne7 9. c3 d6 10. Nc4 Re8 11. Ne3 Nf5 12. Nxf5 Bxf5 13. Bf3 c6 14. g4 Be4
15. g5 Bxf3 16. Qxf3 Ne4 17. Nd2 Nxd2 18. Bxd2 f5 19. Rae1 Qd7 20. h4 d5 21.
Re5 Bxe5 22. fxe5 b5 23. h5 a5 24. a3 Rf8 25. Qh3 gxh5 26. Qxh5 Qf7 27. Qh6 Qg6
28. Kg2 Qxh6 29. gxh6 Rae8 30. Bg5 Kf7 31. Kg3 Ke6 32. Kf4 Rg8 33. Rf2 Rg6 34.
Rh2 Reg8 35. Bf6 Rg2 0-1

[Event "Mechanics' Winter TNM; 30/90, SD/30"]
[Site "San Francisco"]
[Date "2013.01.29"]
[Round "4.7"]
[White "Todortsev, Victor"]
[Black "Ortega, Bill"]
[Result "0-1"]
[WhiteElo "1910"]
[BlackElo "2068"]
[PlyCount "56"]
[EventDate "2013.??.??"]

1. e4 d5 2. exd5 Nf6 3. d4 Nxd5 4. c4 Nb6 5. Nf3 Bg4 6. Be2 Nc6 7. d5 Bxf3 8.
Bxf3 Ne5 9. Be2 e6 10. Nc3 exd5 11. cxd5 Bb4 12. O-O Bxc3 13. bxc3 Qxd5 14. Ba3
O-O-O 15. Qc2 Nbc4 16. Bc1 Rhe8 17. a4 h6 18. a5 a6 19. Bf4 g5 20. Rfd1 Qe6 21.
Bg3 f5 22. f4 Ne3 23. Rxd8+ Rxd8 24. Qa2 N5c4 25. Bxc4 Nxc4 26. Re1 Qc6 27.
fxg5 Rd2 28. Qxd2 Nxd2 0-1

[Event "Mechanics' Summer TNM; 30/90, SD/30"]
[Site "San Francisco"]
[Date "2013.06.11"]
[Round "3.9"]
[White "Todortsev, Victor"]
[Black "Rumph, Todd"]
[Result "1-0"]
[WhiteElo "1916"]
[BlackElo "2200"]
[Annotator "Donaldson"]
[PlyCount "59"]
[EventDate "2013.??.??"]

1. e3 d5 2. f4 Nf6 3. Nf3 Bg4 4. Be2 e6 5. b3 Nbd7 6. Bb2 Bd6 7. O-O c6 8. d4
O-O 9. Nbd2 c5 10. Ne5 Bxe2 11. Qxe2 Rc8 12. c4 Qe7 13. Rac1 Rfe8 14. g4 Nf8
15. g5 N6d7 16. Qg2 cxd4 17. exd4 Ng6 18. cxd5 exd5 19. f5 Rxc1 20. Bxc1 Bxe5
21. dxe5 Ngxe5 22. Bb2 Qc5+ 23. Kh1 Nd3 24. Nf3 Re4 25. Qd2 Nxb2 26. Qxb2 d4
27. f6 Qd5 28. Qg2 Ne5 $4 (28... Rf4) 29. Nd2 Nf3 30. Nxe4 1-0